| 000 | 01347cas a2200421 4500 | ||
|---|---|---|---|
| 001 | 000742048 | ||
| 003 | AM-YeHGA | ||
| 005 | 20250617143409.0 | ||
| 007 | t| | ||
| 008 | 750720c19519999hu qx p 0 a0eng c | ||
| 022 |
_a0044-5975 _l0044-5975 _2z |
||
| 040 | _aAM-YeHGA | ||
| 041 | 0 | _aengfregerlatrus | |
| 210 | 0 | _aActa ant. Acad. Sci. Hung. | |
| 222 | 0 | _aActa antiqua Academiae Scientiarum Hungaricae | |
| 245 | 0 | 0 | _aActa antiqua Academiae Scientiarum Hungaricae. |
| 246 | 3 | 0 | _aActa antiqua |
| 260 |
_aBudapest, : _bAkademiai Kiado [etc.]. |
||
| 300 |
_av. : _bill. ; _c25 cm. |
||
| 310 | _aFour no. a year | ||
| 362 | 0 | _av. 1- 1951- | |
| 546 | _aEnglish, French, German, Latin, or Russian. | ||
| 550 | _aIssued by Magyar Tudomanyos Akademia. | ||
| 590 | _aSERBIB/SERLOC merged record | ||
| 650 | 0 | 4 | _aԱմսագիր |
| 650 | 0 |
_aClassical philology _vPeriodicals. |
|
| 650 | 0 |
_aArchaeology _vPeriodicals. |
|
| 650 | 0 |
_aClassical antiquities _vPeriodicals. |
|
| 650 | 1 | 7 |
_aKlassieke talen. _2gtt |
| 650 | 1 | 7 |
_aKlassieke oudheid. _2gtt |
| 710 | 2 | _aMagyar Tudomanyos Akademia. | |
| 890 |
_aActa antiqua (Magyar tudomanyos akademia) (Budapest). 1951- . _isv85-2114 |
||
| 942 |
_2udc _cCR |
||
| 090 | _c276095 | ||
| 999 |
_c274451 _d274451 |
||